000 01026nam a22002897i 4500
003 EG-GICUC
005 20260407234015.0
008 260328t2004 ua|||||f |||| 00| 0 ara d
040 _a EG-GICUC
_bara
_c EG-GICUC
_d EG-GICUC
_erda
043 _af-ua---
082 0 4 _221
_a343.435
092 0 4 _221
099 _aLaw1 10 343.435 إ م . إ 2004
100 0 _aإمام حسانين عطاالله
245 1 2 _aالإرهاب والبنيان القانوني للجريمة :
_bدراسة مقارنة /
_cإمام حسانين عطاالله.
264 _aالإسكندرية:
_bدار المطبوعات الجامعية;
_c2004.
300 _a981 صفحة
_c24 سم
336 _2rda content
_atext
337 _2rda media
_aComputer
338 _2rda carrier
_aOnline Resource
650 1 4 _aالإرهاب
_2qrmak
650 1 4 _aالتشريع الخاص بالإرهاب
651 1 _2qrmak
856 4 0 _uhttps://fll.law.cu.edu.eg/fulltext/bks/B10-06538.pdf
905 _a17
_eYara
942 _2ddc
_cBK
_e21
_n0
999 _c67079
_d67079